central cee songs in cant rush greatness album - Statistics

General Stats
  • This quiz has been taken 268 times
  • The average score is 11 of 17
Answer Stats
Hint Answer % Correct
5 GBP
84%
8 CRG
81%
13 BAND4BAND
78%
1 No Introduction
78%
4 St. Patrick's
69%
9 Limitless
65%
10 Now We're Strangers
65%
3 Gata
63%
14 Gen Z Luv
62%
2 5 Star
61%
11 Truth In The Lies
61%
12 Ten
60%
16 Must Be
55%
15 Walk In Wardrobe
55%
7 Up North
54%
6 Top Freestyle
53%
17 Don't Know Anymore
47%
No matching quizzes found
Score Distribution
Percent of People with Each Score
Percentile by Number Answered
Your Score History
You have not taken this quiz